| 000 | 00487nam a2200169Ia 4500 | ||
|---|---|---|---|
| 008 | 230711s9999||||xx |||||||||||||| ||und|| | ||
| 020 | _a978-93-81238-09-7 | ||
| 041 | _aENG | ||
| 082 |
_a615.1154 _bGO-I |
||
| 100 | _aGovernment of India Ministry of Health & Family Welfare | ||
| 245 | 0 | _aIndian Pharmacopoeia, 2014 : Addendum 2015 | |
| 250 | _a1st Ed. | ||
| 260 |
_c2015 _aGhaziabad _bThe Indian Pharmacopoeia Commission |
||
| 300 | _a3757-4098p. | ||
| 650 | _aPharmacy | ||
| 942 | _cBK | ||
| 999 |
_c7201 _d7201 |
||